ბათუმის შოთა რუსთაველის სახელმწიფო უნივერსიტეტის ბიბლიოთეკა

თეოფანე დავითაია : (ბიბ.ჩანაწერი № 37781)

000 -ლიდერი
ფიქსირებული სიგრძის საკონტროლო ველი 01441nam a2200229Ia 4500
001 - საკონტროლო ნომერი
საკონტროლო ველი 3758
003 - საკონტროლო ნომრის იდენტიფიკატორი
საკონტროლო ველი GE_BSU
005 - ბოლო ოპერაციის თარიღი და დრო
საკონტროლო ველი 20190813151623.0
008 - ფიქსირებული სიგრძის მონაცემთა ელემენტები - ზოგადი ინფორმაცია
ფიქსირებული სიგრძის საკონტროლო ველი 181216s1984||||ge |||||||||||||| ||geo||
040 ## - კატალოგიზაციის წყარო
Transcribing agency GE_BSU
041 ## - ენის კოდი
Language code of text/sound track or separate title geo
080 ## - უნივერსალური ათობითი კლასიფიკაციის ინდექსი
Universal Decimal Classification number 016:551.5 დ–47
245 ## - ცნობა სათაურის შესახებ
Title თეოფანე დავითაია :
Remainder of title ბიობიბლიოგრაფია /
Statement of responsibility, etc საქ. სსრ მეცნ. აკად., ცენტრ. სამეცნ. ბიბ-კა ; შემდგ. ე. ელიოზიშვილი ; რედ.: რ. კვერენჩხილაძე, ნ. გურგენიძე ; ბიბლიოგრ. რედ. თ. ნაკაშიძისა ; წინასიტყვ. ავტ.: მ. ბუდიკო, ი. გოლცბერგი
264 ## - წარმოების, გამოცემის, დისტრიბუციის და სხვა ცნობები
გამოცემის, წარმოების, დისტრიბუციის... ადგილი თბილისი :
გამოცემის, წარმოების, დისტრიბუციის... სახელწოდება მეცნიერება,
გამოცემის, წარმოების, დისტრიბუციის... თარიღი 1984.
300 ## - ფიზიკური აღწერა
Extent 155 გვ. ;
Other physical details 21 სმ.
490 ## - სერიის ცნობა
Series statement ბიობიბლიოგრ. სერია "ქართველი მეცნიერები"
600 ## - SUBJECT ADDED ENTRY--PERSONAL NAME
Personal name დავითაია თეოფანე
9 (RLIN) 3426
653 ## - INDEX TERM--UNCONTROLLED
Uncontrolled term დავითაია თეოფანე - ბიობიბლიოგრაფია
700 ## - ADDED ENTRY--PERSONAL NAME
Personal name ელიოზიშვილი, ე.
Relator term შემდგენელი
9 (RLIN) 3542
700 ## - ADDED ENTRY--PERSONAL NAME
Personal name კვერენჩხილაძე, რ.
Relator term რედაქტორი
9 (RLIN) 3543
942 ## - ADDED ENTRY ELEMENTS (KOHA)
Koha item type წიგნი
Source of classification or shelving scheme
ეგზემპლარები
ჩამოწერის სტატუსი დაკარგული ეგზემპლარის სტატუსი კლასიფიკაციის წყარო ან თაროზე გაწყობის სქემა დაზიანების სტატუსი არ გაიცემა მუდმივი მდებარეობა (დაცვის ადგილი) ამჟამინდელი ადგილსამყოფელი თაროზე განთავსების ადგილი შეძენის თარიღი ღირებულება, შესყიდვის ნორმალური ფასი სრული შენახვის შიფრი შტრიხკოდი ბოლო ოპერაციის თარიღი ეგზემპლარის მიმდევრობითი ნომერი (კეტერი?) ფასის ძალაში შესვლის თარიღი ეგზემპლარის სახეობა საჯარო შენიშვნა
          ბათუმის შოთა რუსთაველის სახელმწიფო უნივერსიტეტის მთავარი ბიბლიოთეკა ბათუმის შოთა რუსთაველის სახელმწიფო უნივერსიტეტის მთავარი ბიბლიოთეკა წიგნსაცავი 2018-12-17 2.60 016:551.5 დ–47 5391 2018-12-17 5391 2018-12-17 წიგნი 2 ლ. 60 თ.